000 00488nam a2200145 4500
008 151203b xxu||||| |||| 00| 0 eng d
020 _a9780076185832
082 _2c2008
_aD.C. 510
_bT454
245 _aThe university of Chicago school mathematics project transition mathematics:
_bteaching resouces/
260 _aChicago,IL:
_bWright Group/McGraw-Hill,
_cc2008.
300 _aiii, 286 pages:
_billustrations;
_c11 cm.
440 _vVolume 1
650 0 _91041
_aMathematics.
942 _2ddc
_cBK
999 _c416
_d416